黃阿瑪的後宮生活 : 後宮交換日記
| 資料類型: | 圖書 | 書目號: | 51639 |
Leader xxxxxxxxxx 001 __ 102487/2/01 005 __ 20171120175605.810 010 0_ |a9789865728748|b平裝|d新臺幣350元 042 __ |anbic 100 __ |a20171120d2016 k y0chiy50 b 101 0_ |achi 102 __ |atw 105 __ |aa z 000cy 200 1_ |a黃阿瑪的後宮生活|e後宮交換日記|f志銘與狸貓作 205 __ |a初版 210 __ |a臺北市|c布克文化|d2016[民105] 215 0_ |a191面|c彩圖|d21公分 517 1_ |a後宮交換日記|zchi 606 __ |2cst|a文集 606 __ |2cst|a貓 681 __ |a855|b8363 710 02 |a志銘與狸貓|4作 801 _0 |atw|bLibDipper|c20171120|gCCR |